Normal view
MARC view
Entry Personal Name
001 - CONTROL NUMBER
- control field: 14875
003 - CONTROL NUMBER IDENTIFIER
- control field: OSt
005 - DATE AND TIME OF LATEST TRANSACTION
- control field: 20210920145017.0
008 - FIXED-LENGTH DATA ELEMENTS
- fixed length control field: 210920|| aca||aabn | a|a d
040 ## - CATALOGING SOURCE
- Original cataloging agency: OSt
- Transcribing agency: OSt
100 ## - HEADING--PERSONAL NAME
- Personal name: Kwok, Y. K.
- Fuller form of name: (Yue-Kuen),
- Dates associated with a name: 1957-
670 ## - SOURCE DATA FOUND
- Source citation: Work cat.: (OSt)0: Kwok, Y. K. (Yue-Kuen), 1957-, Applied complex variables for scientists and engineers /, 2002.
